Supreme Court reports : (Record no. 9903)

MARC details
000 -LEADER
fixed length control field 01360nam a22001937a 4500
003 - CONTROL NUMBER IDENTIFIER
control field OSt
005 - DATE AND TIME OF LATEST TRANSACTION
control field 20260427034109.0
008 - FIXED-LENGTH DATA ELEMENTS--GENERAL INFORMATION
fixed length control field 260427b |||||||| |||| 00| 0 eng d
040 ## - CATALOGING SOURCE
Original cataloging agency DWC-Main lib.
Transcribing agency OC
082 ## - DEWEY DECIMAL CLASSIFICATION NUMBER
Classification number GR. 348.044 Su959
100 ## - MAIN ENTRY--PERSONAL NAME
Personal name EDITORIAL STAFF OF THE CENTRAL LAWBOOK PUBLISHING CO., INC
245 ## - TITLE STATEMENT
Title Supreme Court reports :
Remainder of title annotated/
Statement of responsibility, etc. EDITORIAL STAFF OF THE CENTRAL LAWBOOK PUBLISHING CO., INC
260 ## - PUBLICATION, DISTRIBUTION, ETC.
Place of publication, distribution, etc. Manila, Philippines :
Name of publisher, distributor, etc. Central Lawbook Publishing Company, Inc.
300 ## - PHYSICAL DESCRIPTION
Extent various paging :
Dimensions 23 cm.
501 ## - WITH NOTE
With note Volume 311 to 320
504 ## - BIBLIOGRAPHY, ETC. NOTE
Bibliography, etc. note v.311 - July 22 to August 5, 1999<br/>v.312 - August 6 to 20, 1999<br/>v.313 - August 24 to September 8, 1999<br/>v.314 - September 9 to 21, 1999<br/>v.321 - December 17 to 19, 1999<br/>v.322 - January 10 to 20, 2000<br/>v.323 - January 21 to 28, 2000<br/>v.324 - January 31 to February 7, 2000<br/>v.325 - February 8 to February 17, 2000<br/>v.326 - February 18 to 29, 2000<br/>v.327 - March 1 to 10, 2000<br/>v.328 - March 13 to 27, 2000<br/>v.329 - March 28 to April 5, 2000<br/>v.330 - April 6 to 19, 2000<br/>v.315 - September 22 to 30, 1999<br/>v.316 - October 1 to 13, 1999<br/>v.317 - October 19 to November 4, 1999<br/>v.318 - November 16 to 22, 1999<br/>v.319 - November 24 to December 6, 1999<br/>v.320 - December 8 to 19, 1999
650 ## - SUBJECT ADDED ENTRY--TOPICAL TERM
Topical term or geographic name entry element 1. Law reports, digests, etc.--- Philippines.
942 ## - ADDED ENTRY ELEMENTS (KOHA)
Source of classification or shelving scheme Dewey Decimal Classification
Koha item type General Reference
Classification part GR.
Suppress in OPAC No
952 ## - LOCATION AND ITEM INFORMATION (KOHA)
--
952 ## - LOCATION AND ITEM INFORMATION (KOHA)
--
952 ## - LOCATION AND ITEM INFORMATION (KOHA)
--
952 ## - LOCATION AND ITEM INFORMATION (KOHA)
--
952 ## - LOCATION AND ITEM INFORMATION (KOHA)
--
952 ## - LOCATION AND ITEM INFORMATION (KOHA)
--
952 ## - LOCATION AND ITEM INFORMATION (KOHA)
--
952 ## - LOCATION AND ITEM INFORMATION (KOHA)
--
952 ## - LOCATION AND ITEM INFORMATION (KOHA)
--
952 ## - LOCATION AND ITEM INFORMATION (KOHA)
--
952 ## - LOCATION AND ITEM INFORMATION (KOHA)
--
952 ## - LOCATION AND ITEM INFORMATION (KOHA)
--
952 ## - LOCATION AND ITEM INFORMATION (KOHA)
--
952 ## - LOCATION AND ITEM INFORMATION (KOHA)
--
952 ## - LOCATION AND ITEM INFORMATION (KOHA)
--
952 ## - LOCATION AND ITEM INFORMATION (KOHA)
--
952 ## - LOCATION AND ITEM INFORMATION (KOHA)
--
952 ## - LOCATION AND ITEM INFORMATION (KOHA)
--
952 ## - LOCATION AND ITEM INFORMATION (KOHA)
--
952 ## - LOCATION AND ITEM INFORMATION (KOHA)
--
Holdings
Withdrawn status Lost status Source of classification or shelving scheme Damaged status Not for loan Home library Current library Shelving location Date acquired Source of acquisition Total Checkouts Full call number Barcode Date last seen Copy number Price effective from Koha item type Uniform Resource Identifier
    Dewey Decimal Classification     College Library College Library General Reference 03/08/2006 School Fund   GR. 348.044 Su959 CL43182 04/27/2026 c1 04/27/2026 GR
    Dewey Decimal Classification     College Library College Library General Reference 03/08/2006 School Fund   GR. 348.044 Su959 CL43183 04/27/2026 c2 04/27/2026 GR
    Dewey Decimal Classification     College Library College Library General Reference 03/08/2006 School Fund   GR. 348.044 Su959 CL43184 04/27/2026 c3 04/27/2026 GR
    Dewey Decimal Classification     College Library College Library General Reference 03/08/2006 School Fund   GR. 348.044 Su959 CL43185 04/27/2026 c4 04/27/2026 GR
    Dewey Decimal Classification     College Library College Library General Reference 03/08/2006 School Fund   GR. 348.044 Su959 CL43186 04/27/2026 c5 04/27/2026 GR
    Dewey Decimal Classification     College Library College Library General Reference 03/08/2006 School Fund   GR. 348.044 Su959 CL43187 04/27/2026 c6 04/27/2026 GR
    Dewey Decimal Classification     College Library College Library General Reference 03/08/2006 School Fund   GR. 348.044 Su959 CL43188 04/27/2026 c7 04/27/2026 GR
    Dewey Decimal Classification     College Library College Library General Reference 03/08/2006 School Fund   GR. 348.044 Su959 CL43189 04/27/2026 c8 04/27/2026 GR
    Dewey Decimal Classification     College Library College Library General Reference 03/08/2006 School Fund   GR. 348.044 Su959 CL43190 04/27/2026 c9 04/27/2026 GR
    Dewey Decimal Classification     College Library College Library General Reference 03/08/2006 School Fund   GR. 348.044 Su959 CL43191 04/27/2026 c10 04/27/2026 GR
    Dewey Decimal Classification     College Library College Library General Reference 03/08/2006 School Fund   GR. 348.044 Su959 CL43192 04/27/2026 c11 04/27/2026 GR
    Dewey Decimal Classification     College Library College Library General Reference 03/08/2006 School Fund   GR. 348.044 Su959 CL43193 04/27/2026 c12 04/27/2026 GR
    Dewey Decimal Classification     College Library College Library General Reference 03/08/2006 School Fund   GR. 348.044 Su959 CL43194 04/27/2026 c13 04/27/2026 GR
    Dewey Decimal Classification     College Library College Library General Reference 03/08/2006 School Fund   GR. 348.044 Su959 CL43195 04/27/2026 c14 04/27/2026 GR
    Dewey Decimal Classification     College Library College Library General Reference 03/08/2006 School Fund   GR. 348.044 Su959 CL43196 04/27/2026 c15 04/27/2026 GR
    Dewey Decimal Classification     College Library College Library General Reference 03/08/2006 School Fund   GR. 348.044 Su959 CL43197 04/27/2026 c16 04/27/2026 GR
    Dewey Decimal Classification     College Library College Library General Reference 03/08/2006 School Fund   GR. 348.044 Su959 CL43198 04/27/2026 c17 04/27/2026 GR
    Dewey Decimal Classification     College Library College Library General Reference 03/08/2006 School Fund   GR. 348.044 Su959 CL43199 04/27/2026 c18 04/27/2026 GR
    Dewey Decimal Classification     College Library College Library General Reference 03/08/2006 School Fund   GR. 348.044 Su959 CL43200 04/27/2026 c19 04/27/2026 GR
    Dewey Decimal Classification     College Library College Library General Reference 03/08/2006 School Fund   GR. 348.044 Su959 43201 04/27/2026 c20 04/27/2026 GR